01201nam a2200385 a 4500008004100000020001800041041000800059100002200067245003900089250001100128260003500139300001200174500010500186653001200291653002800303653002000331653002300351653002500374653002600399653003400425653002600459653003100485653003000516653000900546653001000555653002600565653002200591653005200613653001700665653001400682653002300696653002600719700005000745700002000795130726s2009 ag ||||| |||| 00| 0 spa d a9788496921375 aspa1 aJarrell, Bruce E. aNMS. bCirugia /cBruce E. Jarrell a5a ed. aBarcelona:bLippincott;c2009. a678 p.  aJarrell, B. E., Carabasi, R.A. y Kennedy, E. (2009). NMS. Cirugia. (5a ed.). Barcelona : Lippincott. aCirugia aFisiología quirurgica aCirugia general aFactores de riesgo aTrastornos toracicos aTrastornos vasculares aTrastornos gastrointestinales aTrastornos endocrinos aTrastornos cabeza y cuello aTraumatismos y quemaduras aBazo aMamas aTrasplante de organos aCirugia urologica aCirugia plastica y de la piel y tejidos blandos aNeurocirugia aOrtopedia aCirugia pediatrica aCirugia laparoscopica1 aCarabasi, R.A.cIIIqR. Anthony Carabasi III 1 aKennedy, Eugene